ՀՀ Գիտությունների ազգային ակադեմիայի հիմնարար գիտական գրադարան  =   Fundamental Scientific Library of NAS RA

Агрохимические основы применения органических удобрений / (Record no. 270222)

MARC details
000 -LEADER
fixed length control field 01155nam a2200217 u 4500
001 - CONTROL NUMBER
control field 000730868
003 - CONTROL NUMBER IDENTIFIER
control field AM-YeHGA
005 - DATE AND TIME OF LATEST TRANSACTION
control field 20250617143136.0
008 - FIXED-LENGTH DATA ELEMENTS--GENERAL INFORMATION
fixed length control field 100423s1985 ||| r 000 0 rus d
040 ## - CATALOGING SOURCE
Original cataloging agency AM-YeHGA
041 0# - LANGUAGE CODE
Language code of text/sound track or separate title rus
090 ## - LOCALLY ASSIGNED LC-TYPE CALL NUMBER (OCLC); LOCAL CALL NUMBER (RLIN)
-- 271860
100 1# - MAIN ENTRY--PERSONAL NAME
Personal name Цуркан, Михаил Алексеевич
245 10 - TITLE STATEMENT
Title Агрохимические основы применения органических удобрений /
Statement of responsibility, etc. М.А. Цуркан; Отв. ред.: А.Ф. Урсу; Произв.-науч. об-ние "Молдсельхозхимия", Молд. НИИ почвоведения и агрохимии им. Н.А. Димо, НПО "Плодородие".
260 ## - PUBLICATION, DISTRIBUTION, ETC.
Place of publication, distribution, etc. Кишинев :
Name of publisher, distributor, etc. Штиинца,
Date of publication, distribution, etc. 1985.
300 ## - PHYSICAL DESCRIPTION
Extent 287 с. :
Other physical details ил.
504 ## - BIBLIOGRAPHY, ETC. NOTE
Bibliography, etc. note Библиогр.: с. 276-285
653 0# - INDEX TERM--UNCONTROLLED
Uncontrolled term Органические удобрения - Агрохимия
653 0# - INDEX TERM--UNCONTROLLED
Uncontrolled term Удобрения органические - Агрохимия
710 2# - ADDED ENTRY--CORPORATE NAME
Corporate name or jurisdiction name as entry element Молдавский научно-исследовательский институт почвоведения и агрохимии им. Н.А. Димо
Holdings
Withdrawn status Lost status Damaged status Not for loan Collection Home library Current library Date acquired Total checkouts Full call number Barcode Date last seen Price effective from Koha item type Public note
        General Fundamental Scientific Library Fundamental Scientific Library 29/12/2016   PII/540988 FL0156011 29/12/2016 29/12/2016 Գրքեր / Books 30 Days Loan


ՀՀ ԳԱԱ հիմնարար գիտական գրադարան
ՀՀ,Երևան 0019
Մարշալ Բաղրամյան 24/6
հեռախոս:(374-10) 52-47-50
Հետադարձ կապ

All site content, except where otherwise noted, is licensed under a
Creative Commons License